| 000 | 00977nam2a2200205 4500 | ||
|---|---|---|---|
| 001 | RU\NLR\PER_B\3155137_1999_4 | ||
| 005 | 20250625143612.0 | ||
| 035 | _a(NLR Aleph) 022162618 | ||
| 090 |
_a12926821 _c12926821 |
||
| 100 | _a20240312d1999 |||y0rusy50 ca | ||
| 101 | 0 | _arus | |
| 102 | _aRU | ||
| 200 | 0 | _a1999, № 4 | |
| 210 |
_d1999 _aБ. м. |
||
| 461 | 0 |
_1001RU\NLR\INFOCOMM15\5000245992 _12001#$aТоксикологический вестник$dToxicological review$eНауч. практ. журн.$fРос. регистр потенциально опасных хим. и биол. веществ$zeng$v1999, № 4 _93043947 _cМ. _d1993 - _fРос. регистр потенциально опасных хим. и биол. веществ _lToxicological review _oНауч. практ. журн. _tТоксикологический вестник _x0869-7922 _v1999, № 4 |
|
| 852 |
_aNLR _jП17/428 |
||
| 942 | _cISSUE | ||
| 980 | _aNB | ||
| 980 | _aRUSPER | ||